000 00535nam a2200217Ia 4500
008 101110s9999 xx 000 0 und d
041 _aENGLISH
082 _bSR34896
100 _aRejda George E.
245 _aPrinciples of risk management
260 _c2009
_bPearson education, Noida
300 _a784
365 _b550
520 _aCommerce
546 _aENGLISH
630 _aPrinciples of risk management
650 _aCommerce
655 _aCommerce
730 _aPrinciples of risk management
942 _cBOOK
999 _c827397
_d827394